Statistiken für Stimmt's? #1

Klicken Sie hier um das Quiz zu spielen!

Allgemein

  • Dieses Quiz wurde 147 mal gespielt
  • Das Durchschnittsergebnis liegt bei 6 aus 10

Antwortstatistiken

FrageAntwort% Korrekt
Keine Stadt in Österreich hat mehr als eine Million Einwohner.Falsch
80%
Kunstreiten war schonmal eine olympische Sportart.Wahr
80%
Peter Maffay ist größer als 1,60 m.Wahr
78%
Pekinesen haben eine blaue Zunge.Falsch
61%
Die Erde ist größer als der Mars.Wahr
61%
Föhr ist die größte der Nordfriesischen Inseln.Falsch
57%
Die Band Rammstein spielt im Actionfilm "xXx – Triple X" mit.Wahr
52%
Die Schwester von "Michel aus Lönneberga" heißt Lina.Falsch
50%
Sylvester Stallone ist ein Künstlername.Falsch
41%
Hans-Dietrich Genscher war Innenminister der Bundesrepublik Deutschland.Wahr
37%

Verteilung der Resultate

Perzentil nach korrekt beantworteten Fragen

Anzahl Personen mit jedem Resultat

Ihre Resultats-Entwicklung

Sie haben dieses Quiz noch nicht gespielt